|
|
|
|
| LEADER |
01048nam a2200253 i 4500 |
| 001 |
10112929 |
| 003 |
GR-PaULI |
| 005 |
20210514122533.0 |
| 008 |
210514s2018 gr g d gre d |
| 952 |
|
|
|0 0
|1 0
|2 ddc
|4 0
|6 891_730000000000000_TSV
|7 0
|9 325178
|a THST
|b THST
|d 2021-05-14
|i 015688
|l 0
|o 891.73 TSV
|p 025000274935
|r 2021-05-14 00:00:00
|t 1
|w 2021-05-14
|y BK15
|
| 999 |
|
|
|c 182681
|d 182681
|
| 020 |
|
|
|a 9789605722371
|
| 040 |
|
|
|a GR-PaULI
|c GR-PaULI
|b gre
|e AACR2
|
| 041 |
1 |
|
|a gre
|h rus
|
| 082 |
0 |
4 |
|a 891.73
|2 23
|
| 100 |
1 |
|
|a Tsvetaeva, Marina,
|d 1892-1941
|9 136630
|e συγγραφέας
|
| 245 |
1 |
2 |
|a Ο δικός μου Πούσκιν /
|c Μαρίνα Τσβετάγιεβα ; μετάφραση Φώτος Λαμπρινός.
|
| 260 |
|
|
|a Αθήνα :
|b Ικαρος,
|c 2018.
|
| 300 |
|
|
|a 85 σ. ;
|c 21 εκ.
|
| 600 |
1 |
4 |
|9 110805
|a Pushkin, Aleksandr Sergeevich,
|d 1799-1837
|
| 650 |
|
4 |
|a Ρωσικό μυθιστόρημα
|9 2566
|
| 700 |
1 |
4 |
|a Λαμπρινός, Φώτος
|9 140741
|e μεταφραστής
|
| 942 |
|
|
|2 ddc
|c BK15
|
| 998 |
|
|
|c ΜΑΝΙΑ
|d 2021-05
|